Lo que la iglesia ora, con el catecismo, Jesús nos enseña la fe. Fichas para comunidades, parroquias, movimientos y colegios

Gardado en:
Detalles Bibliográficos
Autor Corporativo: Conferencia Episcopal de Chile (Author)
Formato: Libro
Idioma:Lingua castelá
Publicado: Santiago Conferencia Episcopal de Chile 2004
Edición:1a. ed
Subjects:
Tags: Engadir etiqueta
Sen Etiquetas, Sexa o primeiro en etiquetar este rexistro!

MARC

LEADER 00000nam a2200000 a 4500
001 UCK5468
003 CL-VaPUC
008 050805e20040000CL |||||||||||||||||spa|d
082 0 4 |a 268  |b CON  |2 21 
110 2 |a Conferencia Episcopal de Chile  |e author  |9 494233 
245 1 3 |a Lo que la iglesia ora, con el catecismo, Jesús nos enseña la fe. Fichas para comunidades, parroquias, movimientos y colegios 
250 |a 1a. ed 
300 |a 248 p 
942 |c BK 
945 |d 20050805 00:00:00  |a cmena 
260 |a Santiago  |b Conferencia Episcopal de Chile  |c 2004 
650 0 |a Catequesis  |9 314526 
650 0 |a Educación religiosa   |9 308312 
650 0 |a Cristianismo  |9 257361 
650 7 |a EVANGELIZACION  |2 CL-VaPUC  |9 494234 
583 |a last modification  |c 20050805 00:00:00  |k Rodrigo Vera 
999 |c 313980  |d 313978 
952 |0 0  |1 0  |4 0  |6 268_000000000000000_CON_2004  |7 0  |8 A  |9 385834  |a BIBTEO  |b BIBTEO  |d 2019-11-22  |i 4151380  |o 268 CON 2004  |p 4151380  |r 2025-01-17  |w 2019-11-22  |y BK  |k ICR 
952 |0 0  |1 0  |4 0  |6 268_000000000000000_CON_2004  |7 0  |8 A  |9 385835  |a BIBTEO  |b BIBTEO  |d 2019-11-22  |i 4151399  |o 268 CON 2004  |p 4151399  |r 2025-01-17  |w 2019-11-22  |y BK  |k ICR